High charged ions from the special modification of the MEVVA ion source (Запись № 8492324)

Подробности
000 -МАРКЕР
контрольное поле 01499nam0a22003371 4500
001 - ИДЕНТИФИКАТОР ЗАПИСИ
контрольное поле RU\INFOCOMM_318\5000028311
005 - ИДЕНТИФИКАТОР ВЕРСИИ
контрольное поле 20250613103348.0
035 ## - ДРУГИЕ СИСТЕМНЫЕ НОМЕРА
Идентификатор записи (NLR Aleph) 009465317
100 ## - ДАННЫЕ ОБЩЕЙ ОБРАБОТКИ
Данные общей обработки 20121031d1993 |||y0rusy50 ca
101 0# - ЯЗЫК РЕСУРСА
Язык текста, звукозаписи и т.д. английский
102 ## - СТРАНА ПУБЛИКАЦИИ ИЛИ ПРОИЗВОДСТВА
Страна публикации Российская Федерация
105 ## - ПОЛЕ КОДИРОВАННЫХ ДАННЫХ: ТЕКСТОВЫЕ МАТЕРИАЛЫ, МОНОГРАФИЧЕСКИЕ
Кодированные данные о монографическом текстовом документе y z |||||
200 1# - ЗАГЛАВИЕ И СВЕДЕНИЯ ОБ ОТВЕТСТВЕННОСТИ
Основное заглавие High charged ions from the special modification of the MEVVA ion source
Первые сведения об ответственности V. A. Batalin, Yu. N. Volkov, T. V. Kulevoy, S. V. Petrenko
210 ## - ПУБЛИКАЦИЯ, РАСПРОСТРАНЕНИЕ И ДР.
Место издания, распространения и т.д. Москва
Имя издателя, распространителя и т. д. Ин-т теорет. и эксперим. физики
Дата издания, распространения и т.д. 1993
215 ## - ФИЗИЧЕСКАЯ ХАРАКТЕРИСТИКА
Специфическое обозначение материала и объем 6 с.
Другие сведения о физической характеристике ил.
Размеры 20 см
300 ## - ОБЩИЕ ПРИМЕЧАНИЯ
Текст примечания В вып. дан.: Получение высокоразрядных ионов в вакуумно-дуговом источнике ионов металла (ВДИИМ) с каналом дрейфа плазмы и электронным пучком от независимой электронной пушки / В. А. Баталин и др.
320 ## - ПРИМЕЧАНИЯ О НАЛИЧИИ В ДОКУМЕНТЕ БИБЛИОГРАФИИ / УКАЗАТЕЛЯ
Текст примечания Библиогр.: с. 6
606 0# - НАИМЕНОВАНИЕ ТЕМЫ КАК ПРЕДМЕТ
Наименование темы Ионные источники вакуумно-дуговые
Системный номер авторитетной/нормативной записи 1217860
Идентификатор авторитетной/нормативной записи RU\NLR\AUTH\66495142
686 ## - ИНДЕКСЫ ДРУГИХ КЛАССИФИКАЦИЙ
Индекс В338.411
Код системы
701 #1 - ИМЯ ЛИЦА - АЛЬТЕРНАТИВНАЯ ОТВЕТСТВЕННОСТЬ
Начальный элемент ввода Batalin
Часть имени, кроме начального элемента ввода V. A.
701 #1 - ИМЯ ЛИЦА - АЛЬТЕРНАТИВНАЯ ОТВЕТСТВЕННОСТЬ
Системный номер авторитетной/нормативной записи z01790
Начальный элемент ввода Volkov
Часть имени, кроме начального элемента ввода Ju. N.
701 #1 - ИМЯ ЛИЦА - АЛЬТЕРНАТИВНАЯ ОТВЕТСТВЕННОСТЬ
Системный номер авторитетной/нормативной записи z02790
Начальный элемент ввода Kulevoj
Часть имени, кроме начального элемента ввода T. V.
701 #1 - ИМЯ ЛИЦА - АЛЬТЕРНАТИВНАЯ ОТВЕТСТВЕННОСТЬ
Начальный элемент ввода Petrenko
Часть имени, кроме начального элемента ввода S. V.
790 #1 - ИМЯ ЛИЦА - АЛЬТЕРНАТИВНАЯ ФОРМА
Системный номер авторитетной/нормативной записи z01701
Начальный элемент ввода Volkov
Часть имени, кроме начального элемента ввода Yu. N.
Код отношения Автор
790 #1 - ИМЯ ЛИЦА - АЛЬТЕРНАТИВНАЯ ФОРМА
Системный номер авторитетной/нормативной записи z02701
Начальный элемент ввода Kulevoy
Часть имени, кроме начального элемента ввода T. V.
Код отношения Автор
801 #1 - ИСТОЧНИК ЗАПИСИ
Страна Российская Федерация
Организация NLR
Дата составления 20121031
801 #0 - ИСТОЧНИК ЗАПИСИ
Страна Российская Федерация
Организация INFOCOMM
Правила каталогизации PSBO
852 ## - МЕСТОНАХОЖДЕНИЕ И ШИФР ХРАНЕНИЯ
Идентификатор организации NLR
Шифр хранения (Call Number) Фз01 Д-4/6977
942 ## - ДОПОЛНИТЕЛЬНЫЕ ЭЛЕМЕНТЫ ЗАПИСИ (АБИС)
Тип экземпляра АБИС Книга
980 ## - КОЛЛЕКЦИЯ
Название коллекции Национальная библиография
Экземпляры
Тип экземпляра Дата поступления Библиотека постоянного хранения Библиотека текущего хранения Место хранения Шифр хранения Штрих-код Статус экземпляра
Книга 26.10.2013 РНБ (Московский) РНБ (Московский) Иностранный книжный фонд Фз01 Д-4/6977 1-1455016